<?xml version="1.0" encoding="UTF-8"?>
<record
    xmlns:xsi="http://www.w3.org/2001/XMLSchema-instance"
    xsi:schemaLocation="http://www.loc.gov/MARC21/slim http://www.loc.gov/standards/marcxml/schema/MARC21slim.xsd"
    xmlns="http://www.loc.gov/MARC21/slim">

  <leader>00475nam a2200181Ia 4500</leader>
  <controlfield tag="008">230711s9999||||xx |||||||||||||| ||und||</controlfield>
  <datafield tag="020" ind1=" " ind2=" ">
    <subfield code="a">978-81-265-3369-5</subfield>
  </datafield>
  <datafield tag="041" ind1=" " ind2=" ">
    <subfield code="a">ENG</subfield>
  </datafield>
  <datafield tag="082" ind1=" " ind2=" ">
    <subfield code="a">4.6</subfield>
    <subfield code="b">KA-P</subfield>
  </datafield>
  <datafield tag="100" ind1=" " ind2=" ">
    <subfield code="a">Karl,Holger</subfield>
  </datafield>
  <datafield tag="245" ind1=" " ind2="0">
    <subfield code="a">Protocols and Architectures : For Wireless Sensor Networks</subfield>
  </datafield>
  <datafield tag="250" ind1=" " ind2=" ">
    <subfield code="a">1st Ed.</subfield>
  </datafield>
  <datafield tag="260" ind1=" " ind2=" ">
    <subfield code="c">2005</subfield>
    <subfield code="a">New Delhi</subfield>
    <subfield code="b">Wiley India Pvt.Ltd</subfield>
  </datafield>
  <datafield tag="300" ind1=" " ind2=" ">
    <subfield code="a">497p.</subfield>
  </datafield>
  <datafield tag="650" ind1=" " ind2=" ">
    <subfield code="a">Computer Engineering</subfield>
  </datafield>
  <datafield tag="700" ind1=" " ind2=" ">
    <subfield code="a">Willig,Andreas</subfield>
  </datafield>
  <datafield tag="942" ind1=" " ind2=" ">
    <subfield code="c">BK</subfield>
  </datafield>
  <datafield tag="952" ind1=" " ind2=" ">
    <subfield code="0">0</subfield>
    <subfield code="1">0</subfield>
    <subfield code="4">0</subfield>
    <subfield code="7">0</subfield>
    <subfield code="8">C</subfield>
    <subfield code="a">MCL</subfield>
    <subfield code="b">MCL</subfield>
    <subfield code="d">0000-00-00</subfield>
    <subfield code="e">Krishna Book Distributors</subfield>
    <subfield code="g">719.00</subfield>
    <subfield code="i">KBD/2017-2018/1018743059</subfield>
    <subfield code="l">0</subfield>
    <subfield code="o">4.6 KA-P</subfield>
    <subfield code="p">38932</subfield>
    <subfield code="r">2023-08-17 14:05:42</subfield>
    <subfield code="w">2023-08-17</subfield>
    <subfield code="y">BK</subfield>
  </datafield>
  <datafield tag="952" ind1=" " ind2=" ">
    <subfield code="0">0</subfield>
    <subfield code="1">0</subfield>
    <subfield code="4">0</subfield>
    <subfield code="7">0</subfield>
    <subfield code="8">C</subfield>
    <subfield code="a">MCL</subfield>
    <subfield code="b">MCL</subfield>
    <subfield code="d">0000-00-00</subfield>
    <subfield code="e">Krishna Book Distributors</subfield>
    <subfield code="g">719.00</subfield>
    <subfield code="i">KBD/2017-2018/1018743059</subfield>
    <subfield code="l">0</subfield>
    <subfield code="o">4.6 KA-P</subfield>
    <subfield code="p">38933</subfield>
    <subfield code="r">2023-08-17 14:59:01</subfield>
    <subfield code="w">2023-08-17</subfield>
    <subfield code="y">BK</subfield>
  </datafield>
  <datafield tag="952" ind1=" " ind2=" ">
    <subfield code="0">0</subfield>
    <subfield code="1">0</subfield>
    <subfield code="4">0</subfield>
    <subfield code="7">0</subfield>
    <subfield code="8">C</subfield>
    <subfield code="a">MCL</subfield>
    <subfield code="b">MCL</subfield>
    <subfield code="d">0000-00-00</subfield>
    <subfield code="e">Krishna Book Distributors</subfield>
    <subfield code="g">719.00</subfield>
    <subfield code="i">KBD/2017-2018/1018743059</subfield>
    <subfield code="l">0</subfield>
    <subfield code="o">4.6 KA-P</subfield>
    <subfield code="p">38934</subfield>
    <subfield code="r">2024-03-07 14:09:15</subfield>
    <subfield code="w">2023-08-17</subfield>
    <subfield code="y">BK</subfield>
  </datafield>
  <datafield tag="952" ind1=" " ind2=" ">
    <subfield code="0">0</subfield>
    <subfield code="1">0</subfield>
    <subfield code="4">0</subfield>
    <subfield code="7">0</subfield>
    <subfield code="8">C</subfield>
    <subfield code="a">MCL</subfield>
    <subfield code="b">MCL</subfield>
    <subfield code="d">0000-00-00</subfield>
    <subfield code="e">Krishna Book Distributors</subfield>
    <subfield code="g">719.00</subfield>
    <subfield code="i">KBD/2017-2018/1018743059</subfield>
    <subfield code="l">0</subfield>
    <subfield code="o">4.6 KA-P</subfield>
    <subfield code="p">38935</subfield>
    <subfield code="r">2024-03-07 14:09:09</subfield>
    <subfield code="w">2023-08-17</subfield>
    <subfield code="y">BK</subfield>
  </datafield>
  <datafield tag="952" ind1=" " ind2=" ">
    <subfield code="0">0</subfield>
    <subfield code="1">0</subfield>
    <subfield code="4">0</subfield>
    <subfield code="7">0</subfield>
    <subfield code="8">C</subfield>
    <subfield code="a">MCL</subfield>
    <subfield code="b">MCL</subfield>
    <subfield code="d">0000-00-00</subfield>
    <subfield code="e">Krishna Book Distributors</subfield>
    <subfield code="g">719.00</subfield>
    <subfield code="i">KBD/2017-2018/1018743059</subfield>
    <subfield code="l">0</subfield>
    <subfield code="o">4.6 KA-P</subfield>
    <subfield code="p">38936</subfield>
    <subfield code="r">2024-03-14 12:15:01</subfield>
    <subfield code="w">2023-08-17</subfield>
    <subfield code="y">BK</subfield>
  </datafield>
  <datafield tag="952" ind1=" " ind2=" ">
    <subfield code="0">0</subfield>
    <subfield code="1">0</subfield>
    <subfield code="4">0</subfield>
    <subfield code="7">0</subfield>
    <subfield code="8">C</subfield>
    <subfield code="a">MCL</subfield>
    <subfield code="b">MCL</subfield>
    <subfield code="d">0000-00-00</subfield>
    <subfield code="e">Krishna Book Distributors</subfield>
    <subfield code="g">719.00</subfield>
    <subfield code="i">KBD/2017-2018/1018743059</subfield>
    <subfield code="l">0</subfield>
    <subfield code="o">4.6 KA-P</subfield>
    <subfield code="p">38937</subfield>
    <subfield code="r">2024-03-07 14:09:01</subfield>
    <subfield code="w">2023-08-17</subfield>
    <subfield code="y">BK</subfield>
  </datafield>
  <datafield tag="952" ind1=" " ind2=" ">
    <subfield code="0">0</subfield>
    <subfield code="1">0</subfield>
    <subfield code="4">0</subfield>
    <subfield code="7">0</subfield>
    <subfield code="8">C</subfield>
    <subfield code="a">MCL</subfield>
    <subfield code="b">MCL</subfield>
    <subfield code="d">0000-00-00</subfield>
    <subfield code="e">Krishna Book Distributors</subfield>
    <subfield code="g">719.00</subfield>
    <subfield code="i">KBD/2017-2018/1018743059</subfield>
    <subfield code="l">0</subfield>
    <subfield code="o">4.6 KA-P</subfield>
    <subfield code="p">38938</subfield>
    <subfield code="r">2024-03-07 14:08:55</subfield>
    <subfield code="w">2023-08-17</subfield>
    <subfield code="y">BK</subfield>
  </datafield>
  <datafield tag="952" ind1=" " ind2=" ">
    <subfield code="0">0</subfield>
    <subfield code="1">0</subfield>
    <subfield code="4">0</subfield>
    <subfield code="7">0</subfield>
    <subfield code="8">C</subfield>
    <subfield code="a">MCL</subfield>
    <subfield code="b">MCL</subfield>
    <subfield code="d">0000-00-00</subfield>
    <subfield code="e">Krishna Book Distributors</subfield>
    <subfield code="g">719.00</subfield>
    <subfield code="i">KBD/2017-2018/1018743059</subfield>
    <subfield code="l">0</subfield>
    <subfield code="o">4.6 KA-P</subfield>
    <subfield code="p">38939</subfield>
    <subfield code="r">2024-03-07 14:08:35</subfield>
    <subfield code="w">2023-08-17</subfield>
    <subfield code="y">BK</subfield>
  </datafield>
  <datafield tag="952" ind1=" " ind2=" ">
    <subfield code="0">0</subfield>
    <subfield code="1">0</subfield>
    <subfield code="4">0</subfield>
    <subfield code="7">0</subfield>
    <subfield code="8">C</subfield>
    <subfield code="a">MCL</subfield>
    <subfield code="b">MCL</subfield>
    <subfield code="d">0000-00-00</subfield>
    <subfield code="e">Krishna Book Distributors</subfield>
    <subfield code="g">719.00</subfield>
    <subfield code="i">KBD/2017-2018/1018743059</subfield>
    <subfield code="l">1</subfield>
    <subfield code="o">4.6 KA-P</subfield>
    <subfield code="p">38940</subfield>
    <subfield code="r">2024-01-05 14:03:30</subfield>
    <subfield code="s">2024-01-03</subfield>
    <subfield code="w">2023-08-17</subfield>
    <subfield code="y">BK</subfield>
  </datafield>
  <datafield tag="952" ind1=" " ind2=" ">
    <subfield code="0">0</subfield>
    <subfield code="1">0</subfield>
    <subfield code="4">0</subfield>
    <subfield code="7">0</subfield>
    <subfield code="8">C</subfield>
    <subfield code="a">MCL</subfield>
    <subfield code="b">MCL</subfield>
    <subfield code="d">0000-00-00</subfield>
    <subfield code="e">Krishna Book Distributors</subfield>
    <subfield code="g">719.00</subfield>
    <subfield code="i">KBD/2017-2018/1018743059</subfield>
    <subfield code="l">0</subfield>
    <subfield code="o">4.6 KA-P</subfield>
    <subfield code="p">38941</subfield>
    <subfield code="r">2024-03-14 12:14:48</subfield>
    <subfield code="w">2023-08-17</subfield>
    <subfield code="y">BK</subfield>
  </datafield>
  <datafield tag="999" ind1=" " ind2=" ">
    <subfield code="c">6560</subfield>
    <subfield code="d">6560</subfield>
  </datafield>
</record>
